<?xml version="1.0" encoding="UTF-8"?><?xml-stylesheet type="text/xsl" href="static/style.xsl"?><OAI-PMH xmlns="http://www.openarchives.org/OAI/2.0/" xmlns:xsi="http://www.w3.org/2001/XMLSchema-instance" xsi:schemaLocation="http://www.openarchives.org/OAI/2.0/ http://www.openarchives.org/OAI/2.0/OAI-PMH.xsd"><responseDate>2026-06-29T01:34:06Z</responseDate><request verb="GetRecord" identifier="oai:docta.ucm.es:20.500.14352/119719" metadataPrefix="marc">https://docta.ucm.es/rest/oai/request</request><GetRecord><record><header><identifier>oai:docta.ucm.es:20.500.14352/119719</identifier><datestamp>2025-04-26T00:06:09Z</datestamp><setSpec>com_20.500.14352_14</setSpec><setSpec>col_20.500.14352_18</setSpec></header><metadata><record xmlns="http://www.loc.gov/MARC21/slim" xmlns:dcterms="http://purl.org/dc/terms/" xmlns:xsi="http://www.w3.org/2001/XMLSchema-instance" xmlns:doc="http://www.lyncode.com/xoai" xsi:schemaLocation="http://www.loc.gov/MARC21/slim http://www.loc.gov/standards/marcxml/schema/MARC21slim.xsd">
   <leader>00925njm 22002777a 4500</leader>
   <datafield ind2=" " ind1=" " tag="042">
      <subfield code="a">dc</subfield>
   </datafield>
   <datafield ind2=" " ind1=" " tag="720">
      <subfield code="a">Moreno Martín, Florentino</subfield>
      <subfield code="e">author</subfield>
   </datafield>
   <datafield ind2=" " ind1=" " tag="720">
      <subfield code="a">Ayllón Alonso, Elena María</subfield>
      <subfield code="e">author</subfield>
   </datafield>
   <datafield ind2=" " ind1=" " tag="720">
      <subfield code="a">Fernández Villanueva, Icíar</subfield>
      <subfield code="e">author</subfield>
   </datafield>
   <datafield ind2=" " ind1=" " tag="720">
      <subfield code="a">Medina Marina, José Ángel</subfield>
      <subfield code="e">author</subfield>
   </datafield>
   <datafield ind2=" " ind1=" " tag="260">
      <subfield code="c">2018</subfield>
   </datafield>
   <datafield ind2=" " ind1=" " tag="520">
      <subfield code="a">Este capítulo se inscribe en un proceso histórico en el que diversas entidades españolas (organismos públicos, partidos políticos, sindicatos y ONG), desde finales de los años noventa y especialmente en la dos primeras décadas del siglo XXI, desarrollaron campañas publicitarias como herramientas de prevención. Este impulso fue reforzado por el marco normativo establecido con la aprobación de la Ley Orgánica de Protección Integral contra la Violencia de Género en 2004, la cual consolidó el enfoque de género en la comprensión del fenómeno y estableció como principio rector la necesidad de fortalecer las medidas de sensibilización ciudadana. Así, el texto ofrece una revisión crítica del papel que han desempeñado estas iniciativas comunicativas dentro de un esfuerzo colectivo por visibilizar y erradicar una violencia históricamente confinada al ámbito privado.</subfield>
   </datafield>
   <datafield ind1="8" ind2=" " tag="024">
      <subfield code="a">Moreno Martín, F., Ayllón, E., Fernández, I. &amp; Medina, J.A. (2018). Campañas de prevención de la violencia de género en España. En F. Moreno et al. (Eds.). Campañas de prevención de violencia de género en Colombia y España: un análisis desde la Psicología Social y la Publicidad Social (pp. 149-174). Manizales: Universidad de Manizales.</subfield>
   </datafield>
   <datafield ind1="8" ind2=" " tag="024">
      <subfield code="a">978-958-5468-08-5</subfield>
   </datafield>
   <datafield ind1="8" ind2=" " tag="024">
      <subfield code="a">10.30554/9789585468085</subfield>
   </datafield>
   <datafield ind1="8" ind2=" " tag="024">
      <subfield code="a">https://hdl.handle.net/20.500.14352/119719</subfield>
   </datafield>
   <datafield ind1="8" ind2=" " tag="024">
      <subfield code="a">https://doi.org/10.30554/9789585468085</subfield>
   </datafield>
   <datafield ind1="8" ind2=" " tag="024">
      <subfield code="a">https://ridum.umanizales.edu.co/xmlui/handle/20.500.12746/3506</subfield>
   </datafield>
   <datafield ind2="0" ind1="0" tag="245">
      <subfield code="a">Campañas de prevención de la violencia de género en España</subfield>
   </datafield>
</record></metadata></record></GetRecord></OAI-PMH>